| 000 | 00501nab a2200145Ia 4500 | ||
|---|---|---|---|
| 003 | ES-SlBCS | ||
| 005 | 20210601133740.0 | ||
| 008 | 140529s2007 xxu||||| |||| 00| 0 por d | ||
| 041 | _apor | ||
| 100 | 1 |
_aPinheiro Andrade, Julia _9209173 |
|
| 245 | 0 | 0 |
_aEducaçao e Democracia: um emsaio sobre o conceito de experiência em John Dewey _c Julia Pinheiro Andrade |
| 650 | 0 | 4 |
_aExperiencia-Educación _9209174 |
| 773 | 0 |
_tEducaçao e Filosofia _gvol. 21, nº. 41, 2007, págs. 15-42 _wRev1534 |
|
| 942 | _cAR | ||
| 999 |
_c601488 _d601488 |
||